Countries within 500km of Estonia - Statistics

General Stats
  • This quiz has been taken 53 times
  • The average score is 7 of 7
Answers on the Map
Answers color-coded by a green-red scale on the quiz's map according to % correct below.
 
Answer Stats
Answer % Correct
Latvia
100%
Finland
98%
Lithuania
98%
Poland
98%
Russia
98%
Sweden
98%
Belarus
96%
No matching quizzes found
Score Distribution
Percent of People with Each Score
Percentile by Number Answered
Your Score History
You have not taken this quiz